000 00519nam a2200193 a 4500
001 BRCA_7388
005 20190320205822.0
008 220313s1945----mx-#######---#000-0#spa-#
041 _aspa
044 _amx
050 4 _aF1226
_b.R48 1945
245 1 0 _aVII reunión del Congreso Mexicano de Historia, 16 al 22 de septiembre de 1945, Guanajuato, Gto.
260 _aMéxico
_bCultura
_c[1945]
300 _a48 p.
500 _aQ98
651 4 _aMéxico
_vCongresos
_xHistoria
_99484
902 _aGFM
942 _2lcc
_cB
999 _c7064
_d7064